Algebraic groups and related topics : Proceedings : Konf. Kyoto, Japan, 5.- 7. Sept. 1983. Nagoya, Japan, 11.- 14. Oct. 1983 /
Uložené v:
| Ďalší autori: | |
|---|---|
| Médium: | Kniha |
| Jazyk: | English |
| Vydavateľské údaje: |
Japan :
Kinokuniya Comp,
1983
|
| Vydanie: | 1.vyd. |
| Edícia: | Advanced studies in pure mathematics
Vol.6 |
| Predmet: | |
| Tagy: |
Žiadne tagy, Buďte prvý, kto otaguje tento záznam!
|
MARC
| LEADER | 00000nam a22000003a 4500 | ||
|---|---|---|---|
| 001 | stu7846 | ||
| 005 | 20150617225806.6 | ||
| 008 | 950510s1983----ne------------------eng-d | ||
| 020 | |a 0-444-87711-8 | ||
| 040 | |a STU |b slo | ||
| 041 | 0 | |a eng | |
| 044 | |a ne | ||
| 080 | |a 512.74 | ||
| 080 | |a 061.3(08) | ||
| 100 | 1 | |a Hotta, R |4 com | |
| 245 | 1 | |a Algebraic groups and related topics : |b Proceedings : Konf. Kyoto, Japan, 5.- 7. Sept. 1983. Nagoya, Japan, 11.- 14. Oct. 1983 / |c Edit.: Hotta,R | |
| 250 | |a 1.vyd. | ||
| 260 | |a Japan : |b Kinokuniya Comp, |c 1983 | ||
| 300 | |a 543 s | ||
| 650 | 7 | |a algebraické grupy |2 stusub | |
| 830 | 0 | |a Advanced studies in pure mathematics |v Vol.6 | |
| 996 | |b E79815 |c E*79815 |l EE03 |s P |a 0 |w stu7846_0001 | ||